Перспективы применения мультиагентного управления в системах электроснабжения c установками распределенной генерации; Интеллектуальные энергосистемы; Т. 2

Bibliographic Details
Parent link:Интеллектуальные энергосистемы: труды V Международного молодёжного форума, 9-13 октября 2017 г., г. Томск/ Национальный исследовательский Томский политехнический университет (ТПУ), Энергетический институт (ЭНИН).— , 2017
Т. 2.— 2017.— [С. 278-281]
Main Author: Шуманский Э. К.
Corporate Author: Братский государственный университет (БрГУ)
Other Authors: Булатов Ю. Н. (редактор)
Summary:Заглавие с титульного экрана
Language:Russian
Published: 2017
Series:Перспективы развития интеллектуальных систем в электроснабжении
Subjects:
Online Access:http://earchive.tpu.ru/handle/11683/45295
Format: Electronic Book Chapter
KOHA link:https://koha.lib.tpu.ru/cgi-bin/koha/opac-detail.pl?biblionumber=625673

MARC

LEADER 00000naa2a2200000 4500
001 625673
005 20231101133356.0
035 |a (RuTPU)RU\TPU\conf\24933 
035 |a RU\TPU\conf\24899 
090 |a 625673 
100 |a 20171218d2017 k y0rusy50 ca 
101 0 |a rus 
102 |a RU 
105 |a y z 101zy 
135 |a drgn ---uucaa 
181 0 |a i  
182 0 |a b 
200 1 |a Перспективы применения мультиагентного управления в системах электроснабжения c установками распределенной генерации  |f Э. К. Шуманский, Ю. Н. Булатов  |g под ред. Ю. Н. Булатов 
203 |a Текст  |c электронный 
225 1 |a Перспективы развития интеллектуальных систем в электроснабжении 
230 |a 1 компьютерный файл (pdf; 381 Kb) 
300 |a Заглавие с титульного экрана 
320 |a [Библиогр.: с. 281 (7 назв.)] 
461 1 |0 (RuTPU)RU\TPU\conf\24578  |t Интеллектуальные энергосистемы  |o труды V Международного молодёжного форума, 9-13 октября 2017 г., г. Томск  |o в 3 т.  |f Национальный исследовательский Томский политехнический университет (ТПУ), Энергетический институт (ЭНИН)  |d 2017 
463 1 |0 (RuTPU)RU\TPU\conf\24582  |t Т. 2  |v [С. 278-281]  |d 2017 
610 1 |a электронный ресурс 
610 1 |a мультиагентный подход 
610 1 |a электроснабжение 
610 1 |a установки 
610 1 |a распределенная генерация 
610 1 |a Единая энергетическая система 
610 1 |a энергоэффективность 
610 1 |a электроэнергия 
610 1 |a интеллектуальные энергетические системы 
610 1 |a мультиагентные системы 
700 1 |a Шуманский  |b Э. К. 
701 1 |a Булатов  |b Ю. Н. 
702 1 |a Булатов  |b Ю. Н.  |4 340 
712 0 2 |a Братский государственный университет (БрГУ)  |c (2004- )  |2 stltpush  |3 (RuTPU)RU\TPU\col\15007 
801 2 |a RU  |b 63413507  |c 20171219  |g RCR 
856 4 |u http://earchive.tpu.ru/handle/11683/45295 
942 |c BK